00567nam a22001697a 450000500170000001000580001702000350007503500170011003700190012708200080014624500840015426000340023827000670027230000310033949000130037070000140038320230717112623.0 aB-754643-663 CHEN 25.5.23 a9788181534996 (Pt.2)c290.00  aB-754643-663 bRainbow Books  a030 aRainbow children's concise knowledge bank / ccompiled and edited by Aakanksha aDelhi bRainbow Books c2018 aF-32, Street No.12, Parwana Road, Jagat Puri, bDelhi e110051 a104p.c25cm(Hb)bcol. ill. a3 Series aAakanksha